[Event "World Rapid 2022"]
[Site "Almaty KAZ"]
[Date "2022.12.26"]
[Round "2.3"]
[White "Mamedov, Rauf"]
[Black "Duda, Jan-Krzysztof"]
[Result "0-1"]
[WhiteTitle "GM"]
[BlackTitle "GM"]
[WhiteElo "2646"]
[BlackElo "2729"]
[WhiteFideId "13401653"]
[BlackFideId "1170546"]
[EventDate "2022.12.26"]

1. e4 e5 2. Nf3 Nc6 3. Bb5 Nf6 4. O-O Nxe4 5. Re1 Nd6 6. Bf1 Be7 7. Nc3 f6 8. d4
Nf7 9. Nd5 d6 10. b4 a6 11. Rb1 O-O 12. a4 Be6 13. Bc4 Qd7 14. Bb3 Bd8 15. h3
Ne7 16. c4 c6 17. Nc3 Bc7 18. Ne4 Rad8 19. Rb2 Qc8 20. d5 Bf5 21. Ng3 Bg6 22.
Nd4 exd4 23. Rxe7 Rde8 24. Rbe2 d3 25. Rxe8 Rxe8 26. Rxe8+ Qxe8 27. h4 h5 28.
Bf4 cxd5 29. c5 Qd7 30. Qf3 dxc5 31. bxc5 Bxf4 32. Qxf4 Ne5 33. Qd4 Kf8 34. Qb4
Nc6 35. Qf4 Qe7 36. Bxd5 Qxc5 37. Bxc6 Qxc6 38. Nf1 a5 39. Nd2 Kg8 40. Nf3 Kh7
41. Kh2 Qe4 42. Qd6 Qxa4 43. Qd8 Qf4+ 44. Kg1 a4 45. Qa5 b5 46. Qxb5 Qc1+ 47.
Kh2 d2 0-1

[Event "World Rapid 2022"]
[Site "Almaty KAZ"]
[Date "2022.12.26"]
[Round "2.4"]
[White "Aravindh, Chithambaram VR."]
[Black "Nepomniachtchi, Ian"]
[Result "1/2-1/2"]
[WhiteTitle "GM"]
[BlackTitle "GM"]
[WhiteElo "2607"]
[BlackElo "2793"]
[WhiteFideId "5072786"]
[BlackFideId "4168119"]
[EventDate "2022.12.26"]

1. d4 Nf6 2. Nf3 d5 3. Bf4 c5 4. e3 Nc6 5. Nbd2 cxd4 6. exd4 Bg4 7. c3 e6 8. Qb3
Qc8 9. h3 Bxf3 10. Nxf3 Ne4 11. Bd3 Bd6 12. Be3 Nf6 13. O-O O-O 14. Rae1 Qc7 15.
Qd1 Rae8 16. Bg5 Bf4 17. Bxf6 gxf6 18. Nh4 Ne7 19. g3 Bg5 20. Qh5 Ng6 21. Nf3
Kg7 22. Nh2 Rg8 23. Kh1 Bh6 24. Ng4 Bd2 25. f4 Qd8 26. Re2 f5 27. Nh6 Bxf4 28.
gxf4 Rgf8 29. Rg2 Qf6 30. Rfg1 a6 31. Rg5 b5 32. a3 Rb8 33. Bxf5 exf5 34. Nxf5+
Kg8 35. Qh6 Rfe8 36. Rh5 Qh8 37. Nh4 Qg7 38. Qxg7+ Kxg7 39. f5 Re2 40. fxg6 hxg6
41. Nf3 Rxb2 42. Rxd5 Rc8 43. Rc5 Rxc5 44. dxc5 Rc2 45. Nd4 Rxc3 46. c6 Kf6 47.
Re1 Rxa3 48. Kg2 Rc3 49. Re8 b4 50. Kf2 a5 51. Ke2 a4 52. Rb8 b3 53. Kd2 Rc5 54.
Kd3 Rc1 55. Kd2 Rc4 56. Kd3 Rc1 57. Rb4 a3 58. Nxb3 Rxc6 59. Ra4 Rc8 60. Nd2 Kf5
61. Ne4 Rc1 62. Rxa3 Kf4 63. Nf2 Re1 64. Kd2 Re7 65. Ra6 Kg3 66. Rf6 Kg2 67. Kd3
Kg3 68. Kd4 Kg2 69. Kd5 Kg3 70. Ne4+ Kxh3 71. Ng5+ Kh4 72. Nxf7 g5 73. Ne5 Ra7
74. Rh6+ Kg3 75. Ke4 Ra4+ 76. Kf5 g4 77. Rb6 Kh3 78. Nd3 Ra5+ 79. Ke4 Ra4+ 80.
Ke3 Kg3 81. Rb3 Ra8 82. Nc5 Rf8 83. Ne4+ Kh2 84. Rb2+ Kh3 85. Rb7 Rf3+ 86. Ke2
Ra3 87. Rg7 g3 88. Nxg3 Rxg3 89. Rxg3+ Kxg3 1/2-1/2

[Event "World Rapid 2022"]
[Site "Almaty KAZ"]
[Date "2022.12.26"]
[Round "2.6"]
[White "Harsha, Bharathakoti"]
[Black "Yu, Yangyi"]
[Result "0-1"]
[WhiteTitle "GM"]
[BlackTitle "GM"]
[WhiteElo "2593"]
[BlackElo "2728"]
[WhiteFideId "5078776"]
[BlackFideId "8603820"]
[EventDate "2022.12.26"]

1. Nf3 d5 2. g3 Nf6 3. Bg2 e6 4. c4 Be7 5. O-O O-O 6. b3 d4 7. e3 c5 8. exd4
cxd4 9. Ne5 Nfd7 10. Nxd7 Nxd7 11. d3 a5 12. Ba3 Nc5 13. Re1 Rb8 14. Bxc5 Bxc5
15. a3 Qe7 16. Qc1 b5 17. cxb5 Rxb5 18. Nd2 Bd7 19. Qb2 Rfb8 20. Rec1 h6 21. Qa2
e5 22. Rcb1 Be6 23. Nc4 Qc7 24. Qc2 Bf8 25. h4 h5 26. Qd1 g6 27. Qc2 Kg7 28. Qd1
Be7 29. Nd2 Qb6 30. Rc1 Bxb3 31. Nxb3 Rxb3 32. a4 Rc3 33. Rcb1 Bb4 34. Qe2 Qf6
35. Ra2 Rbc8 36. Kh2 R8c5 37. Rf1 Qf5 38. Be4 Qg4 39. Bf3 Qc8 40. Bg2 Qe6 41.
Rfa1 Qb3 42. Rb2 Rc2 43. Rxc2 Qxc2 44. Qxc2 Rxc2 45. Kg1 f5 46. Rd1 Kf6 47. Bd5
Rc3 48. Kf1 Ra3 49. Bc6 Ra2 50. Kg1 Bd2 51. Rb1 Bb4 52. Rd1 g5 53. hxg5+ Kxg5
54. Kg2 h4 55. gxh4+ Kxh4 56. Kf3 Kg5 57. Rg1+ Kf6 58. Rh1 Ra3 59. Ke2 Kg5 60.
Rh3 e4 61. Rg3+ Kf4 62. Rh3 Ra1 63. dxe4 d3+ 0-1

[Event "World Rapid 2022"]
[Site "Almaty KAZ"]
[Date "2022.12.26"]
[Round "2.7"]
[White "Fedoseev, Vladimir3"]
[Black "Yakubboev, Nodirbek"]
[Result "1-0"]
[WhiteTitle "GM"]
[BlackTitle "GM"]
[WhiteElo "2688"]
[BlackElo "2647"]
[WhiteFideId "24130737"]
[BlackFideId "14203987"]
[EventDate "2022.12.26"]

1. d4 Nf6 2. c4 e6 3. Nf3 d5 4. Nc3 Bb4 5. e3 O-O 6. Bd3 dxc4 7. Bxc4 c5 8. a3
Bxc3+ 9. bxc3 Qc7 10. Be2 Nc6 11. Qc2 e5 12. O-O Rd8 13. Bb2 Bg4 14. Nxe5 Bxe2
15. Qxe2 Nxe5 16. dxe5 Qxe5 17. c4 Qe6 18. Rfd1 Nd7 19. Rd5 Nb6 20. Rxc5 Rdc8
21. Rxc8+ Rxc8 22. Qf3 Qc6 23. Qg4 Qg6 24. Qd4 Nxc4 25. Rc1 h5 26. h3 b5 27.
Qxa7 Rd8 28. Bd4 Qd6 29. a4 Qa3 30. Ra1 Qb3 31. Qe7 Ra8 32. Qg5 1-0

[Event "World Rapid 2022"]
[Site "Almaty KAZ"]
[Date "2022.12.26"]
[Round "2.8"]
[White "Maze, Sebastien"]
[Black "Artemiev, Vladislav"]
[Result "0-1"]
[WhiteTitle "GM"]
[BlackTitle "GM"]
[WhiteElo "2538"]
[BlackElo "2701"]
[WhiteFideId "613762"]
[BlackFideId "24101605"]
[EventDate "2022.12.26"]

1. Nf3 d5 2. g3 g6 3. Bg2 Bg7 4. c4 c6 5. cxd5 cxd5 6. d4 Nf6 7. O-O O-O 8. Ne5
e6 9. Nc3 Nfd7 10. Nxd7 Bxd7 11. e4 dxe4 12. Nxe4 Bc6 13. Bg5 Qa5 14. Qc1 Nd7
15. Be7 Rfe8 16. Ba3 Bxd4 17. Rd1 e5 18. Nd6 Bxg2 19. Kxg2 Qd5+ 20. f3 Red8 21.
Qc7 Nf6 22. Qe7 Kg7 23. Rxd4 exd4 0-1

[Event "World Rapid 2022"]
[Site "Almaty KAZ"]
[Date "2022.12.26"]
[Round "2.9"]
[White "Brunello, Sabino"]
[Black "Amin, Bassem"]
[Result "0-1"]
[WhiteTitle "GM"]
[BlackTitle "GM"]
[WhiteElo "2519"]
[BlackElo "2682"]
[WhiteFideId "813613"]
[BlackFideId "10601457"]
[EventDate "2022.12.26"]

1. d4 Nf6 2. c4 g6 3. Nc3 Bg7 4. e4 d6 5. Be2 O-O 6. Nf3 e5 7. O-O Nc6 8. d5 Ne7
9. b4 a5 10. bxa5 Rxa5 11. a4 c5 12. Bd2 Ne8 13. Ra3 Ra6 14. Nb5 f5 15. exf5
gxf5 16. Ng5 h6 17. Ne6 Bxe6 18. dxe6 Kh7 19. Bh5 Ng6 20. Bxg6+ Kxg6 21. Rh3 Qf6
22. e7 Rf7 23. f4 e4 24. g4 Rxe7 25. g5 Qe6 26. gxh6 Bxh6 27. Bc3 Kh7 28. Kh1
Nf6 29. Rg1 Ng4 30. Qf1 Rxa4 31. Rxg4 fxg4 32. f5 Rf7 33. Rh5 e3 34. Qd3 Qxc4
35. Rxh6+ Kxh6 36. Qxd6+ Kg5 37. h4+ gxh3 38. Qg6+ Kf4 39. Qh6+ Kg4 40. Qg6+ Kf3
41. Qh5+ Qg4 0-1

[Event "World Rapid 2022"]
[Site "Almaty KAZ"]
[Date "2022.12.26"]
[Round "2.11"]
[White "Giri, Anish"]
[Black "Sargsyan, Shant"]
[Result "1-0"]
[WhiteTitle "GM"]
[BlackTitle "GM"]
[WhiteElo "2764"]
[BlackElo "2645"]
[WhiteFideId "24116068"]
[BlackFideId "13306766"]
[EventDate "2022.12.26"]

1. e4 e5 2. Nf3 Nc6 3. Bc4 Nf6 4. d3 Bc5 5. O-O d6 6. c3 h6 7. Nbd2 a5 8. Re1
O-O 9. Nf1 a4 10. h3 Ra5 11. d4 Bb6 12. b4 axb3 13. Bxb3 d5 14. exd5 Nxd5 15.
dxe5 Nxc3 16. Qc2 Nd5 17. Bd2 Rc5 18. Qe4 Nc3 19. Qf4 Nd5 20. Qg3 Nce7 21. Nh4
Rc6 22. Rad1 Ng6 23. Bxd5 Qxd5 24. Bb4 Qxa2 25. Bxf8 Nxf8 26. Rd8 Be6 27. Ne3
Rc3 28. Qf4 c5 29. Rb8 Bc7 30. Rxb7 Rb3 31. Rxb3 Qxb3 32. Nef5 Qc3 33. Re3 Qc1+
34. Kh2 Kh7 35. Nxg7 Qxe3 36. Qxe3 Kxg7 37. Qxc5 1-0

[Event "World Rapid 2022"]
[Site "Almaty KAZ"]
[Date "2022.12.26"]
[Round "2.12"]
[White "Demchenko, Anton"]
[Black "Esipenko, Andrey"]
[Result "1-0"]
[WhiteTitle "GM"]
[BlackTitle "GM"]
[WhiteElo "2632"]
[BlackElo "2678"]
[WhiteFideId "4160258"]
[BlackFideId "24175439"]
[EventDate "2022.12.26"]

1. e4 c6 2. d4 d5 3. e5 c5 4. Nf3 cxd4 5. Nxd4 Nc6 6. Nxc6 bxc6 7. Bd3 e6 8. Nd2
Ne7 9. Qe2 c5 10. c3 Ng6 11. Nf3 Be7 12. h4 h6 13. Rh3 Nf8 14. Be3 a5 15. h5 Nd7
16. Rg3 Kf8 17. Kf1 a4 18. Re1 Rb8 19. Bc1 a3 20. bxa3 Qa5 21. Nh2 Qxc3 22. Qg4
Rg8 23. Bxh6 Qxd3+ 24. Rxd3 Ba6 25. Qd1 gxh6 26. Kg1 Bxd3 27. Qxd3 c4 28. Qe3
Nc5 29. Qxh6+ Ke8 30. Qh7 Kd7 31. Rd1 Rh8 32. Qxf7 Rbf8 33. Qg6 Rfg8 34. Qc2
Rxh5 35. Nf1 Kc6 36. Qe2 Rgh8 37. Ng3 Rh4 38. Qf3 Ne4 39. Qf7 Bc5 40. Qxe6+ Kc7
41. Qf7+ Kc8 42. Qe6+ Kc7 43. Rxd5 Bxf2+ 44. Kf1 Bc5 45. Rxc5+ Nxc5 46. Qd6+ Kb7
47. Qxc5 1-0

[Event "World Rapid 2022"]
[Site "Almaty KAZ"]
[Date "2022.12.26"]
[Round "2.13"]
[White "Van Foreest, Jorden"]
[Black "Tsydypov, Zhamsaran"]
[Result "1-0"]
[WhiteTitle "GM"]
[BlackTitle "GM"]
[WhiteElo "2690"]
[BlackElo "2534"]
[WhiteFideId "1039784"]
[BlackFideId "4108566"]
[EventDate "2022.12.26"]

1. d4 d5 2. c4 e6 3. Nf3 Nf6 4. Nc3 Be7 5. g3 O-O 6. Bg2 c6 7. O-O Nbd7 8. Ne5
Nxe5 9. dxe5 Nd7 10. cxd5 cxd5 11. e4 dxe4 12. Qh5 f5 13. exf6 Nxf6 14. Qe2 Qd3
15. Re1 Bd7 16. Nxe4 Qxe2 17. Rxe2 Nxe4 18. Bxe4 Bb5 19. Re1 Bb4 20. Rd1 Bc5 21.
Be3 Bxe3 22. fxe3 Rac8 23. Rac1 Rxc1 24. Rxc1 b6 25. b3 g6 26. g4 Rf7 27. g5 Rd7
28. a4 Ba6 29. Kf2 Kf7 30. Kf3 e5 31. h4 Kg7 32. b4 Rf7+ 33. Kg3 Be2 34. a5 bxa5
35. bxa5 Re7 36. Rc8 Bb5 37. Bd5 h6 38. Rb8 Bd3 39. Rg8+ Kh7 40. Rd8 hxg5 41.
hxg5 Kg7 42. Rd6 Bb5 43. Be4 Be8 44. a6 Bf7 45. Rd8 Bc4 46. Bb7 Re6 47. Kf3 Bxa6
48. Bd5 Re7 49. Ke4 Bf1 50. Kf3 Bb5 51. Rb8 Be8 52. Ra8 Bf7 53. Ke4 Be8 54. Kf3
Ba4 55. Rg8+ Kh7 56. Ra8 Bd1+ 57. Kg3 Be2 58. Rd8 Kg7 59. Rg8+ Kh7 60. Rc8 Bb5
61. Rb8 a6 62. Ra8 Rc7 63. Kf3 Bd3 64. Bg8+ Kg7 65. Bd5 Rd7 66. Be6 Rd6 67. Ba2
Bb5 68. Ra7+ Kf8 69. Ke4 Rd2 70. Bd5 Rg2 71. Kxe5 Rxg5+ 72. Kd6 Rf5 73. e4 Rf6+
74. Ke5 Rf2 75. Ke6 g5 76. e5 g4 77. Kd6 g3 78. Ra8+ Be8 79. e6 Re2 80. Bc6 g2
81. Rxe8+ Kg7 82. Bxg2 Rxg2 83. Ra8 Rd2+ 84. Ke7 Rb2 85. Kd8 Rd2+ 86. Ke8 Rh2
87. Ra7+ Kf6 88. e7 Rh8+ 89. Kd7 Kf7 90. Rxa6 Rb8 91. Rb6 Ra8 92. Rb7 Re8 93.
Kd6 Kf6 94. Rb1 Ra8 95. Rf1+ Kg7 96. Ra1 Rxa1 97. e8=Q Ra6+ 98. Ke5 Ra5+ 99. Kf4
Ra6 100. Qd8 Rf6+ 101. Kg5 Rf7 102. Qd4+ Kh7 103. Qe4+ Kg7 104. Qe5+ Kh7 105.
Qd4 Re7 106. Kf6 Rg7 107. Qh4+ Kg8 108. Qh5 Ra7 109. Qd5+ Kh8 110. Qh1+ 1-0

[Event "World Rapid 2022"]
[Site "Almaty KAZ"]
[Date "2022.12.26"]
[Round "2.14"]
[White "Puranik, Abhimanyu"]
[Black "Abdusattorov, Nodirbek"]
[Result "0-1"]
[WhiteTitle "GM"]
[BlackTitle "GM"]
[WhiteElo "2616"]
[BlackElo "2713"]
[WhiteFideId "5061245"]
[BlackFideId "14204118"]
[EventDate "2022.12.26"]

1. e4 e5 2. Nf3 Nc6 3. Bb5 a6 4. Ba4 Nf6 5. O-O Be7 6. Re1 b5 7. Bb3 d6 8. c3
O-O 9. h3 Na5 10. Bc2 c5 11. d4 Qc7 12. Nbd2 cxd4 13. cxd4 Nc6 14. Nb3 a5 15.
Be3 a4 16. Nbd2 Nb4 17. Bb1 a3 18. Qb3 Qa5 19. d5 Bd7 20. Nf1 axb2 21. Qxb2 Qa3
22. Qxa3 Rxa3 23. Bd2 Na6 24. Bc2 Rc8 25. Bb3 Nc5 26. Bb4 Nxb3 27. Bxa3 Nxa1 28.
Rxa1 Nxe4 29. Nxe5 Bf6 30. Re1 Bxe5 31. Rxe4 Rc2 32. f4 f5 33. fxe5 fxe4 34. e6
Bxe6 35. dxe6 d5 36. Bb4 d4 37. Ng3 e3 38. e7 Kf7 39. Ne4 d3 40. Ng5+ Ke8 41.
Ne6 Rc8 42. Nxg7+ Kf7 43. Nf5 Rc1+ 44. Kh2 e2 0-1

[Event "World Rapid 2022"]
[Site "Almaty KAZ"]
[Date "2022.12.26"]
[Round "2.15"]
[White "Indjic, Aleksandar"]
[Black "Vidit, Santosh Gujrathi"]
[Result "1/2-1/2"]
[WhiteTitle "GM"]
[BlackTitle "GM"]
[WhiteElo "2636"]
[BlackElo "2730"]
[WhiteFideId "911925"]
[BlackFideId "5029465"]
[EventDate "2022.12.26"]

1. c4 e5 2. Nf3 e4 3. Nd4 Nc6 4. e3 Nf6 5. Nc3 Nxd4 6. exd4 d5 7. d3 exd3 8.
Bxd3 Be7 9. Bg5 c6 10. O-O Be6 11. c5 O-O 12. Re1 h6 13. Bh4 b6 14. Na4 Re8 15.
b4 b5 16. Nc3 a5 17. a3 Qd7 18. Qc2 Nh5 19. Bxe7 Qxe7 20. Qd2 Qf6 21. bxa5 Nf4
22. Bf1 Bg4 23. Rxe8+ Rxe8 24. f3 Bd7 25. a6 Ra8 26. a4 Rxa6 27. Rd1 Ra8 28.
axb5 cxb5 29. Bxb5 Bxb5 30. Nxb5 h5 31. Rc1 Re8 32. Re1 Rb8 33. Nc3 h4 34. Re5
Qh6 35. Kf1 Qa6+ 36. Kg1 Qh6 37. Qc2 Qa6 38. g3 Qa1+ 39. Qd1 Qxc3 40. gxf4 Rb2
41. Re2 Rxe2 42. Qxe2 Qxd4+ 43. Kg2 Qxc5 44. Qe8+ Qf8 45. Qd7 Qa8 46. Kh3 g6 47.
Kxh4 Kg7 48. f5 Qa2 49. Kg3 Qd2 50. fxg6 Qg5+ 51. Qg4 Qe5+ 52. Qf4 Qe1+ 53. Kg4
fxg6 54. Qd4+ Kh7 55. Qxd5 Qg1+ 56. Kh3 Qf1+ 57. Kg3 Qg1+ 58. Kh3 Qf1+ 1/2-1/2

[Event "World Rapid 2022"]
[Site "Almaty KAZ"]
[Date "2022.12.26"]
[Round "2.16"]
[White "Shankland, Sam"]
[Black "Petrosyan, Manuel"]
[Result "1-0"]
[WhiteTitle "GM"]
[BlackTitle "GM"]
[WhiteElo "2710"]
[BlackElo "2621"]
[WhiteFideId "2004887"]
[BlackFideId "13300857"]
[EventDate "2022.12.26"]

1. d4 Nf6 2. c4 e6 3. Nc3 Bb4 4. Qc2 O-O 5. a3 Bxc3+ 6. Qxc3 d5 7. Nf3 b6 8. Bg5
Nbd7 9. cxd5 exd5 10. e3 c5 11. Nd2 a5 12. a4 h6 13. Bh4 Qe7 14. Bb5 Ba6 15.
Bxa6 Rxa6 16. O-O Raa8 17. Rac1 Rfc8 18. h3 Qe6 19. Rfd1 Rc6 20. Bxf6 Nxf6 21.
dxc5 bxc5 22. Nb3 Ne4 23. Qc2 Qe5 24. Nd2 Ng5 25. h4 Ne6 26. Nf3 Qh5 27. Qc3 Rb6
28. Qe5 Qxe5 29. Nxe5 d4 30. exd4 cxd4 31. Nd3 g6 32. g3 Kg7 33. Rc4 Rb3 34. Rd2
Rd8 35. Kf1 Re8 36. Rc6 h5 37. Rd6 Rd8 38. Rc6 Re8 39. Nc5 Nxc5 40. Rxc5 d3 41.
Rxa5 Rd8 42. Rc5 Kf6 43. Kg2 Ke6 44. Kf3 Rd5 45. Rc4 f5 46. Rc3 Rxc3 47. bxc3
Ra5 48. Rxd3 Rxa4 49. Rd4 Ra2 50. Rc4 Kd5 51. Rc8 Rc2 52. Ke3 Ke6 53. Rc6+ Kf7
54. f3 Kg7 55. Kf4 Kh6 56. c4 Rd2 57. Rc7 Rc2 58. Rc8 Rc3 59. c5 Rc4+ 60. Ke5
Rc3 61. c6 Kg7 62. Rc7+ Kh6 63. f4 Rxg3 64. Rd7 Rc3 65. c7 g5 66. fxg5+ Kg6 67.
Kd5 Rd3+ 68. Kc4 Rxd7 69. c8=Q 1-0

[Event "World Rapid 2022"]
[Site "Almaty KAZ"]
[Date "2022.12.26"]
[Round "2.17"]
[White "Sanal, Vahap"]
[Black "Maghsoodloo, Parham"]
[Result "1-0"]
[WhiteTitle "GM"]
[BlackTitle "GM"]
[WhiteElo "2597"]
[BlackElo "2719"]
[WhiteFideId "6300545"]
[BlackFideId "12539929"]
[EventDate "2022.12.26"]

1. e4 c5 2. Nf3 Nc6 3. Bb5 e5 4. c3 Nf6 5. O-O Nxe4 6. Re1 Nd6 7. Nxe5 Be7 8.
Bf1 O-O 9. Qc2 Nxe5 10. Rxe5 b6 11. d4 cxd4 12. Bd3 h6 13. cxd4 Bb7 14. Bf4 Rc8
15. Nc3 Nc4 16. Ree1 Bd6 17. Bxd6 Nxd6 18. Qa4 Qg5 19. Bf1 Rc4 20. Qxa7 Rxd4 21.
Qxb6 Rg4 22. g3 Bc6 23. Qe3 Qf6 24. Rad1 Nc4 25. Bxc4 Rxc4 26. Nd5 Qxb2 27. Ne7+
Kh8 28. Rd6 f6 29. Ng6+ Kg8 30. Rxc6 1-0

[Event "World Rapid 2022"]
[Site "Almaty KAZ"]
[Date "2022.12.26"]
[Round "2.18"]
[White "Quparadze, Giga"]
[Black "Ganguly, Surya Shekhar"]
[Result "1-0"]
[WhiteTitle "GM"]
[BlackTitle "GM"]
[WhiteElo "2470"]
[BlackElo "2582"]
[WhiteFideId "13602250"]
[BlackFideId "5002150"]
[EventDate "2022.12.26"]

1. e4 e5 2. Nf3 Nc6 3. Bb5 a6 4. Ba4 f5 5. d3 fxe4 6. dxe4 Nf6 7. Nbd2 d6 8. c3
Be7 9. O-O O-O 10. Ng5 Kh8 11. Bb3 Qe8 12. Ne6 Bxe6 13. Bxe6 Nd8 14. Bb3 Qg6 15.
Re1 Nh5 16. Nf1 Bg5 17. Qg4 Nf4 18. Ng3 Nd3 19. Qxg5 Nxe1 20. Qe3 Nxg2 21. Kxg2
Ne6 22. Bxe6 Qxe6 23. Qe2 c6 24. c4 b5 25. b3 bxc4 26. bxc4 Rab8 27. Be3 d5 28.
cxd5 cxd5 29. exd5 Qxd5+ 30. Kg1 Rb5 31. Rd1 Qe6 32. a4 Ra5 33. Qc2 Qg4 34. Ra1
Rc8 35. Qf5 Qxf5 36. Nxf5 Rc4 37. Rd1 Rg4+ 38. Kf1 h6 39. h3 Rg6 40. Ra1 Rf6 41.
Ng3 Rc6 42. Bd2 Rd5 43. Be3 Ra5 44. Bd2 Rd5 45. Ra2 Rc4 46. a5 Kh7 47. Kg2 e4
48. Be3 g5 49. Bb6 h5 50. Nxh5 Kg6 51. Ng3 Kf6 52. Re2 Re5 53. Nf1 Ra4 54. Rc2
Re6 55. Rc8 Kf7 56. Ra8 1-0

[Event "World Rapid 2022"]
[Site "Almaty KAZ"]
[Date "2022.12.26"]
[Round "2.19"]
[White "Urazayev, Arystanbek"]
[Black "Salem, A.R. Saleh"]
[Result "1/2-1/2"]
[WhiteTitle "IM"]
[BlackTitle "GM"]
[WhiteElo "2465"]
[BlackElo "2677"]
[WhiteFideId "13709810"]
[BlackFideId "9301348"]
[EventDate "2022.12.26"]

1. e4 e5 2. Nf3 Nc6 3. Nc3 Nf6 4. d4 exd4 5. Nxd4 Bb4 6. Nxc6 bxc6 7. Bd3 O-O 8.
O-O d5 9. Bd2 a5 10. Re1 Bg4 11. Qc1 Re8 12. exd5 cxd5 13. h3 Rxe1+ 14. Qxe1 Be6
15. Nb5 Bxd2 16. Qxd2 c5 17. a4 Qb6 18. Qf4 c4 19. Bf5 Bxf5 20. Qxf5 Re8 21. Qf3
h6 22. Rd1 Re5 23. b3 Qc5 24. Qc3 Re2 25. Qd4 Qb4 26. bxc4 dxc4 27. Qf4 Qc5 28.
Nc3 Re8 29. Rb1 Qc6 30. Rb5 Qe6 31. Kh2 Qe1 32. Nd5 Nxd5 33. Rxd5 Qc3 34. Rd7
Rf8 35. Qe4 Qb4 36. Qc6 Qc3 37. Qe4 Qb4 38. Qc6 1/2-1/2

[Event "World Rapid 2022"]
[Site "Almaty KAZ"]
[Date "2022.12.26"]
[Round "2.20"]
[White "Anton Guijarro, David"]
[Black "Murzin, Volodar"]
[Result "1/2-1/2"]
[WhiteTitle "GM"]
[BlackTitle "GM"]
[WhiteElo "2675"]
[BlackElo "2561"]
[WhiteFideId "2285525"]
[BlackFideId "44155573"]
[EventDate "2022.12.26"]

1. d4 d5 2. Nf3 Nf6 3. e3 c6 4. c4 Bf5 5. Nc3 e6 6. Nh4 Bg6 7. Nxg6 hxg6 8. h3
Nbd7 9. Bd3 Bd6 10. O-O a6 11. Qe2 dxc4 12. Bxc4 c5 13. Rd1 O-O 14. dxc5 Bxc5
15. Bd2 Qe7 16. Be1 Rac8 17. Rac1 Rfd8 18. a3 Ne5 19. Ba2 Rxd1 20. Rxd1 Rd8 21.
Rxd8+ Qxd8 22. Bb1 Be7 23. Qc2 Qc7 24. Nd1 Qd7 25. Qd2 Qc7 26. Qc3 Nc6 27. Qc2
Nd5 28. Nc3 Nxc3 29. Bxc3 Bf6 30. g3 Qd6 31. Kg2 Bxc3 32. Qxc3 Qd5+ 33. e4 Qd6
34. h4 Ne5 35. Qc8+ Kh7 36. Qxb7 Qd1 37. Qc7 Qf3+ 38. Kg1 Qd1+ 39. Kg2 Nf3 40.
Qxf7 Ne1+ 41. Kf1 Nf3+ 42. Kg2 Ne1+ 43. Kf1 Qxb1 44. h5 Nf3+ 45. Kg2 Ne5 46.
hxg6+ Nxg6 47. Qxe6 Qxb2 48. Qh3+ Kg8 49. Qe6+ Kh7 50. Qxa6 Ne5 51. Qe6 Nd3 52.
Qf5+ Kh6 53. Qh3+ Kg6 54. Qg4+ Kh6 55. Qh3+ Kg6 56. Qf5+ Kh6 57. g4 Qe5 58. Qxe5
Nxe5 59. Kg3 Nd3 60. Kf3 Kg5 61. Ke3 Nb2 62. Kd4 Kxg4 63. Kd5 Nd3 64. a4 Kf4 65.
a5 Nb4+ 66. Kc4 Nc6 67. a6 Kxe4 68. Kc5 Na7 69. Kb6 Nc8+ 70. Kc7 Na7 71. Kb6
Nc8+ 72. Kc7 Ke5 1/2-1/2

[Event "World Rapid 2022"]
[Site "Almaty KAZ"]
[Date "2022.12.26"]
[Round "2.21"]
[White "Nguyen, Thai Dai Van"]
[Black "Sarana, Alexey"]
[Result "1/2-1/2"]
[WhiteTitle "GM"]
[BlackTitle "GM"]
[WhiteElo "2656"]
[BlackElo "2668"]
[WhiteFideId "358878"]
[BlackFideId "24133795"]
[EventDate "2022.12.26"]

1. Nf3 d5 2. d4 Nf6 3. c4 e6 4. Nc3 Nbd7 5. Qc2 Bb4 6. a3 Bxc3+ 7. Qxc3 c5 8. e3
b6 9. dxc5 Nxc5 10. cxd5 Qxd5 11. Bc4 Qh5 12. b4 Nce4 13. Qe5 Qg6 14. Nh4 Qg4
15. g3 O-O 16. f3 Qg5 17. Qxg5 Nxg5 18. e4 h6 19. O-O Bb7 20. Be3 Rac8 21. Rfc1
Rfd8 22. Be2 Nd7 23. Ng2 f5 24. exf5 exf5 25. Kf2 Ne5 26. Ne1 Rxc1 27. Rxc1
Ngxf3 28. Bxf3 Bxf3 29. Nxf3 Nd3+ 30. Ke2 Nxc1+ 31. Bxc1 Rc8 32. Kd2 Kf7 33. Bb2
g5 34. b5 Rc5 35. a4 Ke6 36. Nd4+ Kd5 37. Nxf5 Kc4 38. Nd4 Rd5 39. Ke3 Rd7 40.
Nc6 Kb3 41. Be5 Kxa4 42. Nd4 Kb4 43. g4 Kc4 44. Ke4 h5 45. gxh5 Rh7 46. Kf5 Rxh5
47. Kg4 Rxh2 1/2-1/2

[Event "World Rapid 2022"]
[Site "Almaty KAZ"]
[Date "2022.12.26"]
[Round "2.23"]
[White "Fedorov, Alexei"]
[Black "Nihal, Sarin"]
[Result "0-1"]
[WhiteTitle "GM"]
[BlackTitle "GM"]
[WhiteElo "2475"]
[BlackElo "2670"]
[WhiteFideId "13500465"]
[BlackFideId "25092340"]
[EventDate "2022.12.26"]

1. e4 e5 2. Nf3 Nc6 3. Bc4 Bc5 4. d3 Nf6 5. Bg5 h6 6. Bh4 Be7 7. Bg3 d6 8. a3
O-O 9. O-O Re8 10. Re1 Bf8 11. h3 a6 12. Nbd2 Be6 13. c3 Bxc4 14. Nxc4 b5 15.
Ne3 Ne7 16. Nh4 Qd7 17. Qf3 Qe6 18. Rad1 Rad8 19. Nhf5 Nxf5 20. Qxf5 Qxf5 21.
Nxf5 Nd7 22. f3 g6 23. Ne3 Nb6 24. d4 exd4 25. cxd4 Bg7 26. b3 a5 27. Re2 Rc8
28. d5 a4 29. b4 f5 30. exf5 Nc4 31. Kf2 Nxa3 32. Ra2 Rxe3 33. Kxe3 Nc4+ 34. Kf2
gxf5 35. Bf4 Kf7 36. g4 Ra8 37. Re1 Bc3 38. Re6 Nb6 39. Rxh6 Nxd5 40. Bg5 a3 41.
gxf5 Nxb4 42. Re2 Nd5 43. Rh7+ Kg8 44. Rd7 a2 45. Rxa2 Rxa2+ 46. Kg3 Ra8 47. Kg4
b4 0-1

[Event "World Rapid 2022"]
[Site "Almaty KAZ"]
[Date "2022.12.26"]
[Round "2.24"]
[White "Tomashevsky, Evgeny"]
[Black "Jumabayev, Rinat"]
[Result "1-0"]
[WhiteTitle "GM"]
[BlackTitle "GM"]
[WhiteElo "2694"]
[BlackElo "2609"]
[WhiteFideId "4147235"]
[BlackFideId "13702661"]
[EventDate "2022.12.26"]

1. c4 e6 2. Nf3 d5 3. g3 Nf6 4. Bg2 d4 5. e3 c5 6. O-O Nc6 7. d3 Bd6 8. exd4
cxd4 9. Bg5 h6 10. Bxf6 Qxf6 11. Nbd2 Qd8 12. a3 a5 13. Rc1 O-O 14. Re1 Re8 15.
c5 Bc7 16. Nc4 e5 17. Nfd2 f5 18. b4 axb4 19. axb4 Be6 20. Rb1 Qf6 21. b5 Nd8
22. Ra1 Rc8 23. Qa4 Bb8 24. Qb4 Qe7 25. Nd6 Bxd6 26. cxd6 Qf6 27. Nc4 e4 28. d7
Bxd7 29. Nd6 Qf8 30. Rab1 exd3 31. Rxe8 Bxe8 32. Nxc8 1-0

[Event "World Rapid 2022"]
[Site "Almaty KAZ"]
[Date "2022.12.26"]
[Round "2.25"]
[White "Ivic, Velimir"]
[Black "Moussard, Jules"]
[Result "0-1"]
[WhiteTitle "GM"]
[BlackTitle "GM"]
[WhiteElo "2572"]
[BlackElo "2684"]
[WhiteFideId "950122"]
[BlackFideId "642908"]
[EventDate "2022.12.26"]

1. e4 c5 2. Nf3 d6 3. d4 cxd4 4. Nxd4 Nf6 5. Nc3 a6 6. Be3 e6 7. a3 h5 8. Qe2
Nbd7 9. O-O-O b5 10. Bg5 Bb7 11. f4 Be7 12. Qe1 Rc8 13. Bd3 Qb6 14. Nf3 Ng4 15.
Bxe7 Kxe7 16. Qh4+ f6 17. Rhe1 Rxc3 18. bxc3 Qc5 19. Kd2 Rc8 20. h3 Nf2 21. Rb1
Qxc3+ 22. Ke2 Nxe4 23. Rb3 Qc5 24. Nd2 Nxd2 25. Kxd2 Qd5 26. Qg3 Kf8 27. Rc3 Nc5
28. Kd1 Qd4 29. Rxc5 0-1